000 00285nam a2200121Ia 4500
008 190216s9999||||xx |||||||||||||| ||und||
100 _aRaghavan V N
245 0 _aMaterials Science And Engineering
260 _bPhi Learning
_c2010
300 _a437
650 _aPhysics
942 _cBK
999 _c34338
_d34338